000 01074nam a22002775i 4500
001 171436
003 ES-MaACL
005 20230906214632.0
008 090514s1987 fr |||| | fre d
020 _a2-86432-056-8
080 _a1(=927)"11"
080 _a141.336
100 1 _aSohravardî, Sihâboddîn Yahyâ.
_9140143
245 1 3 _aLe livre de la sagesse orientale
_b= Kitâb Hikmat al-ishrâq /
_cShikâboddîn Yahya Sohravardî, Shaykh al-Ishrâq ; commentaires de Qotboddîn Shîrâzî et Mollâ Sadrâ Shîrâzî ; traduction et notes par Henry Corbin ; établies et introduites par Christian Jambet.
260 _aLagrasse :
_bVerdier,
_c[1987]
300 _a694 p. ;
_c22 cm.
490 1 _aIslam spirituel
611 2 4 _aShîrâzî, Mollâ Sadrâ.
_9225092
650 1 4 _aSufismo-
_xObras anteriores a 1800.
_9140144
700 1 _aCorbin, Henry.
_940471
700 0 _aJambet, Christian.
_965957
700 1 _aShîrâzî, Qotboddîn.
_9140145
830 0 _aIslam spirituel
_9223175
852 _aES-MaACL
_jG-12358
_9R.114.814
999 _c171436
_d171436